Loading...
| Social Science | 5 | 0 | 2 | 0 | 65 | 26 | 46.40 | 3 | 5 | 34.21 | 51.39 |
| History - European | 1 | 4 | 1 | 3 | 50 | 65 | 95.60 | 0 | 1 | 12.60 | 25.00 |
| History - American | 1 | 2 | 0 | 0 | 35 | 57 | 75.00 | 1 | 2 | 13.86 | 25.00 |
| Other Academic | 1 | 1 | 0 | 0 | 25 | 65 | 65.50 | 0 | 1 | 34.41 | 37.50 |
| Religion | 0 | 2 | 0 | 1 | 20 | 101 | 116.00 | 0 | 0 | 4.43 | 11.11 |
| History - Ancient/Other | 1 | 1 | 1 | 0 | 20 | 44 | 73.00 | 0 | 1 | 12.10 | 19.64 |
| History - World | 0 | 2 | 1 | 1 | 15 | 55 | 81.50 | 0 | 2 | 7.04 | 15.28 |
| Geography | 1 | 0 | 0 | 0 | 15 | 38 | 38.00 | 0 | 1 | 18.21 | 21.88 |
| Literature - European | 0 | 1 | 0 | 0 | 10 | 105 | 105.00 | 0 | 1 | 3.17 | 5.56 |
| Fine Arts - Painting and Sculpture | 0 | 1 | 0 | 0 | 10 | 92 | 92.00 | 0 | 0 | 3.81 | 2.78 |
| Science - Biology | 0 | 1 | 0 | 0 | 10 | 117 | 117.00 | 0 | 0 | 0.09 | 1.39 |
| History - Other | 0 | 1 | 0 | 0 | 10 | 79 | 79.00 | 0 | 1 | 20.74 | 31.25 |
| Mythology | 0 | 1 | 1 | 1 | 5 | 119 | 119.00 | 0 | 0 | 0.94 | 2.78 |